000 00583nmm a2200169Ia 4500
008 251105s9999||||xx |||||||||||||||||und||
020 _a9788499406299
041 _aspa
100 _aQuirosa-Cheyrouze, Rafael
245 0 _aLos partidos en la Transición : Las organizaciones políticas en la construcción de la democracia española
264 _a[Madrid, España] :
_bBiblioteca Nueva,
_c2013
300 _a424 páginas
490 _aHistoria Biblioteca Nueva
650 _aHistory of Europe: Spain
856 _uhttps://public.digitaliapublishing.com/a/27716
942 _cCF
999 _c92753
_d92753